A chughtai quartet : (Record no. 143355)

MARC details
000 -LEADER
fixed length control field 00636nam a22001817a 4500
010 ## - LCCN (DPL NO)
LC control number ENG-119586
020 ## - INTERNATIONAL STANDARD BOOK NUMBER
Terms of availability 400.00
International Standard Book Number 9788188965878
035 ## - SYSTEM CONTROL NUMBER
System control number EN-103118
037 ## - SOURCE OF ACQUISITION
Source of stock number/acquisition DBAD/PUB
082 ## - DEWEY DECIMAL CLASSIFICATION NUMBER
Classification number S
100 ## - MAIN ENTRY--PERSONAL NAME
Personal name Chughtai, Ismat
245 ## - TITLE STATEMENT
Title A chughtai quartet :
Remainder of title the heart breaks free the wild one obsession wild pigeons /
Statement of responsibility, etc by Ismat Chughtai ; translated by Tabira Naqvi
260 ## - PUBLICATION, DISTRIBUTION, ETC. (IMPRINT)
Place of publication, distribution, etc New Delhi
Name of publisher, distributor, etc Women Unlimited (an associate of kali for women)
Date of publication, distribution, etc 2014
270 ## - ADDRESS
Address 7/10 First Floor, Sarvapriya Vihar
City New Delhi
Postal code 110016
300 ## - PHYSICAL DESCRIPTION
Extent xi,331p.
Dimensions 22cm(pbk)
700 ## - ADDED ENTRY--PERSONAL NAME
Personal name translated by Tabira Naqvi
942 ## - ADDED ENTRY ELEMENTS (KOHA)
Source of classification or shelving scheme Dewey Decimal Classification
Item type English Books
Classification part S
Call number suffix CHU
Holdings
Withdrawn status Lost status Not for loan Collection code Home library Current library Date acquired Source of acquisition Cost, normal purchase price Full call number Barcode Copy number Cost, replacement price Koha item type
    Not For Loan Fiction D.B.Act.Division Bawana 14/08/2017 DBAD/PUB 400.00 S CHU en-103118 1 400.00 English Books

© Delhi Public Library
Hit Counter
free hit counter